System engineering management / (Record no. 217071)
[ view plain ]
| 000 -LEADER | |
|---|---|
| fixed length control field | 01052 a2200265 4500 |
| 003 - CONTROL NUMBER IDENTIFIER | |
| control field | Nust |
| 005 - DATE AND TIME OF LATEST TRANSACTION | |
| control field | 20221018102524.0 |
| 010 ## - LIBRARY OF CONGRESS CONTROL NUMBER | |
| LC control number | 2008019000 |
| 020 ## - INTERNATIONAL STANDARD BOOK NUMBER | |
| International Standard Book Number | 0470167351 (cloth : alk. paper) |
| 020 ## - INTERNATIONAL STANDARD BOOK NUMBER | |
| International Standard Book Number | 9780470167359 (cloth : alk. paper) |
| 035 ## - SYSTEM CONTROL NUMBER | |
| System control number | (OCoLC)226308201 |
| 035 ## - SYSTEM CONTROL NUMBER | |
| System control number | (OCoLC)ocn226308201 |
| 040 ## - CATALOGING SOURCE | |
| Transcribing agency | Nust |
| 082 00 - DEWEY DECIMAL CLASSIFICATION NUMBER | |
| Classification number | 620.001171,BLA |
| 100 1# - MAIN ENTRY--PERSONAL NAME | |
| Personal name | Blanchard, Benjamin S. |
| 9 (RLIN) | 943 |
| 245 10 - TITLE STATEMENT | |
| Title | System engineering management / |
| Statement of responsibility, etc. | Benjamin S. Blanchard. |
| 250 ## - EDITION STATEMENT | |
| Edition statement | 4th ed. |
| 260 ## - PUBLICATION, DISTRIBUTION, ETC. | |
| Place of publication, distribution, etc. | Hoboken, N.J. : |
| Name of publisher, distributor, etc. | Wiley, |
| Date of publication, distribution, etc. | c2008. |
| 300 ## - PHYSICAL DESCRIPTION | |
| Extent | xviii, 539 p. : |
| Other physical details | ill., map ; |
| Dimensions | 25 cm. |
| 440 #0 - SERIES STATEMENT/ADDED ENTRY--TITLE | |
| Title | Wiley series in systems engineering and management |
| 9 (RLIN) | 1592 |
| 505 ## - FORMATTED CONTENTS NOTE | |
| Formatted contents note | Introduction to system engineering (Page-1) ,The system engineering process (Page-51), System design requirements (Page-123), Engineering design methods and tools (Page-217), Design review and evolution (Page-243) |
| 650 #0 - SUBJECT ADDED ENTRY--TOPICAL TERM | |
| Topical term or geographic name entry element | Systems engineering. |
| 856 41 - ELECTRONIC LOCATION AND ACCESS | |
| Materials specified | Table of contents only |
| Uniform Resource Identifier | <a href="http://www.loc.gov/catdir/toc/ecip0817/2008019000.html">http://www.loc.gov/catdir/toc/ecip0817/2008019000.html</a> |
| 942 ## - ADDED ENTRY ELEMENTS (KOHA) | |
| Source of classification or shelving scheme | |
| Koha item type | Book |
| Withdrawn status | Lost status | Source of classification or shelving scheme | Damaged status | Not for loan | Permanent Location | Current Location | Shelving location | Date acquired | Full call number | Barcode | Date last seen | Price effective from | Koha item type | Public note |
|---|---|---|---|---|---|---|---|---|---|---|---|---|---|---|
| Military College of Signals (MCS) | Military College of Signals (MCS) | General Stacks | 12/12/2016 | 620.001171,BLA | MCS37326 | 12/08/2016 | 12/12/2016 | Book | Almirah No.26, Shelf No.5 | |||||
| Military College of Signals (MCS) | Military College of Signals (MCS) | General Stacks | 12/12/2016 | 620.001171,BLA | MCS37327 | 12/08/2016 | 12/12/2016 | Book | Almirah No.26, Shelf No.5 |
